Projektovaná jednotka zásluhovosti a jej využitie pri zostavení účtovnej závierky podľa IAS 19 bakalárska práca

Salvato in:
Dettagli Bibliografici
Autore principale: Visnyeiová, Lucia
Ente Autore: Fakulta hospodárskej informatiky EU. Katedra účtovníctva a audítorstva
Altri autori: Števková, Lucia
Natura: Libro
Lingua:slovacco
Pubblicazione: Bratislava 2011
Tags: Aggiungi Tag
Nessun Tag, puoi essere il primo ad aggiungerne!!

MARC

LEADER 00000nbm a2200000 4500
001 0141241
005 20161109111744.7
041 0 |a slo 
044 |a SK 
245 1 0 |a Projektovaná jednotka zásluhovosti a jej využitie pri zostavení účtovnej závierky podľa IAS 19  |b bakalárska práca  |c Lucia Visnyeiová ; školiteľ: Lucia Števková 
264 1 |a Bratislava  |c 2011 
300 |a 46 s. 
100 1 |a Visnyeiová, Lucia 
700 1 |a Števková, Lucia 
710 2 |a Fakulta hospodárskej informatiky EU. Katedra účtovníctva a audítorstva